000 00415pab a2200157 454500
008 180718b1986 xxu||||| |||| 00| 0 eng d
100 _aVenkatachalam, G
245 _aPublic sector enterprises - external source of finance
260 _c1986
300 _a1028-34
362 _aJune
650 _aGovernment Enterprise - Finance
700 _aD. Dakshinamurthy
773 _aChartered Accountant
909 _a9235
999 _c9235
_d9235